Hardest Riddles!!! - Statistics

General Stats
  • This quiz has been taken 318 times
  • The average score is 6 of 10
Answer Stats
Questions Answer % Correct
What is the coolest letter in the alphabet? 'B', because it's always surrounded by AC.
81%
There are several books on a bookshelf. If one book is the 4th from the left and 6th from the right, how many books are on the shelf? 9
80%
What number do you get when you multiply all of the numbers on a telephone's number pad? 0
64%
You have a large number of friends coming over and they all get thirsty. Your first friend asks for 1/2 a cup of water. Your second friend asks for 1/4 a cup of water. Your third friend asks for 1/8 a cup of water, etc. How many cups of water do you need to serve your friends? Just one. If your friends kept asking for water like this forever one cup would be enough.
62%
What 3 positive numbers give the same result when multiplied and added together? 1, 2 and 3
59%
If you have 30 white socks, 22 black socks, and 14 blue socks scattered across the floor in the dark, how many would you have to grab to get a matching pair? 4. Once you grab 4 you will definitely have 2 of the same color.
57%
A hobo picks up cigarette butts from the ground and can make a cigarette with 4 butts. If he finds 16 cigarette butts, how many cigarettes can he make? 5. He makes 4 cigarettes with the 16 butts. Then he smokes them and has 4 more butts to make another cigarette.
51%
What heavy seven letter word can you take two away from and be left with eight? Weights
46%
You have 2 coins that add up to 35 cents. One of the coins is not a quarter. What kind of coins do you have? A quarter and a dime. One is not a quarter, but the other is.
30%
A poor man is sitting in a pub. He sees that the man next to him is extremely rich. Poor man: I have an amazing talent; I know almost every song that has ever existed. The rich man laughs. Poor man: I am willing to bet you all the money you have in your wallet that I can sing a popular song that includes a lady's name of your choosing. The rich man laughs again. Rich man: OK, how about my daughter's name, Joanna Armstrong-Miller? The poor man goes home rich. What song did he sing? "Happy Birthday." This song can be sang with anybody's name in it.
30%
No matching quizzes found
Score Distribution
Percent of People with Each Score
Percentile by Number Answered
Your Score History
You have not taken this quiz